000 00391nam a2200121Ia 4500
008 220216s9999 xx 000 0 und d
100 _aKachintorn Suriya
245 0 _aIndustry ministry allocates credit to SMEs 50,000 million Bht: Rubber industry urged to join scheme in 2000
260 _bRubber International Magazine
_c2000
300 _a39-46
650 _aRubber industry
942 _cJS
999 _c61167
_d61167